La flauta de chocolate (Registro nro. 2603)

Detalles MARC
000 -CABECERA
Longitud fija campo de control 00648nam a2200217 a 4500
003 - • IDENTIFICADOR DELl NÚMERO DE CONTROL
Identificador del número de control CO-ViMGA
008 - • CÓDIGOS DE INFORMACIÓN DE LONGITUD FIJA
Códigos de información de longitud fija 141112s2004 ck r 000 u spa d
020 ## - • NÚMERO INTERNACIONAL NORMALIZADO PARA LIBROS
Número Internacional Normalizado para Libros (ISBN) 9583011703
040 ## - FUENTE DE LA CATALOGACIÓN
Centro catalogador de origen CO-ViMGA
Lengua de catalogación spa
Centro transcriptor CO-ViMGA
082 04 - • NÚMERO DE LA CLASIFICACIÓN DECIMAL DEWEY
Número de clasificación (R) ALOfl
100 1# - • PUNTO DE ACCESO PRINCIPAL-NOMBRE DE PERSONA
Nombre de persona Alfonso, Dora
245 10 - • TITULO PROPIAMENTE DICHO
Título La flauta de chocolate
300 ## - • DESCRIPCIÓN FÍSICA
Extensión 64
490 ## - • MENCIÓN DE SERIE
Mención de serie Que pase el tren
590 ## - NOTAS LOCALES
Nota local Forma de adquisición : Donacion - - Precio : 15.000 - - Fecha de adquisición : Febrero 2008
650 14 - • PUNTO DE ACCESO ADICIONAL DE MATERIA - TÉRMINO DE MATERIA
Término de materia o nombre geográfico como elemento inicial ANIMALES - POESIAS INFANTILES 1
650 14 - • PUNTO DE ACCESO ADICIONAL DE MATERIA - TÉRMINO DE MATERIA
Término de materia o nombre geográfico como elemento inicial POESIA INFANTIL CUBANA
942 ## - ENTRADA DE ELEMENTOS AGREGADOS (KOHA)
Fuente de clasificaión o esquema Dewey Decimal Classification
Koha [por defecto] tipo de item LIbro
Existencias
Perdido Fuente de clasificación o esquema Estado Físico No para préstamo Localización permanente Localización actual Localización en estanterías Fecha adquisición Signatura completa Código de barras Fecha última consulta Número de copia Fecha del precio de reemplazo Tipo de item de Koha Forma de adquisición Préstamos totales Serie de enumeración / cronolog&íacute;a
  Dewey Decimal Classification     Biblioteca Pública Cubarral Biblioteca Pública Cubarral Sala Infantil 07/18/2023 P ALO4 CUB00238 07/18/2023 Ej.1 07/18/2023 Libro Infantil Infantil    
  Dewey Decimal Classification     Biblioteca Pública Cubarral Biblioteca Pública Cubarral Sala Infantil 07/18/2023 P ALO4 CUB00247 07/18/2023 Ej.1 07/18/2023 Libro Infantil Infantil    
  Dewey Decimal Classification     Biblioteca Pública José Eustasio Rivera - San Martin Biblioteca Pública José Eustasio Rivera - San Martin Sala Infantil 06/29/2023 P MAN SM00658 06/29/2023 Ej.1 06/29/2023 Libro Infantil Infantil    
  Dewey Decimal Classification     Biblioteca Pública José Eustasio Rivera - San Martin Biblioteca Pública José Eustasio Rivera - San Martin Sala Infantil 06/29/2023 P ALO4 SM000658 06/29/2023 Ej.1 06/29/2023 Libro Infantil Infantil    
  Dewey Decimal Classification     Biblioteca Pública Acacias - Carlos María Hernández Rojas Biblioteca Pública Acacias - Carlos María Hernández Rojas Sala Infantil 04/22/2023 P AL04 ACA18903 04/22/2023 Ej.1 04/22/2023 Libro Infantil Infantil    
  Dewey Decimal Classification     Biblioteca Pública Acacias - Carlos María Hernández Rojas Biblioteca Pública Acacias - Carlos María Hernández Rojas Sala Infantil 04/22/2023 P AL04 ACA18906 05/24/2023 Ej.2 04/22/2023 Libro Infantil Infantil    
  Dewey Decimal Classification     Biblioteca Pública Germán Arciniegas - Villavicencio Biblioteca Pública Germán Arciniegas - Villavicencio   12/04/2015 ALOfl 22356 12/04/2015 Ej. 1 12/04/2015 LIbro Sala Infantil Segundo Piso   Volumen. 1 | 11/jun/2009
  Dewey Decimal Classification     Biblioteca Pública Guamal Biblioteca Pública Guamal Sala Infantil 02/14/2023 P ALO4 GUA001178 02/14/2023 Ej.1 02/14/2023 Libro Infantil Infantil    
  Dewey Decimal Classification     Biblioteca Pública Puerto Rico Biblioteca Pública Puerto Rico Sala Infantil 12/06/2022 PA04EJ.1 PR000001080 12/06/2022 Ej.1 12/06/2022 Libro Infantil      









Instituto Departamental de Cultura del Meta - Red Departamental de Bibliotecas Públicas del Meta.